000 00410cam a22001217a 4500
008 180718b1960 xxu||||| |||| 00| 0 eng d
082 _aK238 N213
245 _aSeverance pay patterns in noomanufacturing
_cby National Industrial Conference Board
260 _aNew York
_bNational Industrial Conference Board
_c1960
300 _a34p.
650 _aDismissal Wages
700 _aNational Industrial Conference Board
999 _c480865
_d480865